ARRUPE JESUIT UNIVERSITY

CORONAVIRUS -STOP THE SPREAD - CLEAN,DISINFECT,COVER

Elizabeth Gaskell (Record no. 123671)

MARC details
000 -LEADER
fixed length control field 00447nam a22001457a 4500
008 - FIXED-LENGTH DATA ELEMENTS--GENERAL INFORMATION
fixed length control field 151029b xxu||||| |||| 00| 0 eng d
050 ## - LIBRARY OF CONGRESS CALL NUMBER
Classification number PR4711.M3 1970
100 ## - MAIN ENTRY--PERSONAL NAME
Personal name McVeagh, John
9 (RLIN) 20708
245 ## - TITLE STATEMENT
Title Elizabeth Gaskell
Statement of responsibility, etc John McVeagh
260 ## - PUBLICATION, DISTRIBUTION, ETC. (IMPRINT)
Place of publication, distribution, etc London
Name of publisher, distributor, etc Routeledge and Kegan Paul
Date of publication, distribution, etc 1970
300 ## - PHYSICAL DESCRIPTION
Extent viii, 104p. ;
Dimensions 19cm.
440 ## - SERIES STATEMENT/ADDED ENTRY--TITLE
Title Profiles in Literature
9 (RLIN) 20709
600 ## - SUBJECT ADDED ENTRY--PERSONAL NAME
Personal name Gaskell, Elizabeth Cloghorn
9 (RLIN) 20710
942 ## - ADDED ENTRY ELEMENTS (KOHA)
Source of classification or shelving scheme Library of Congress Classification
Item type Monograph ( Printed materials)
Holdings
Withdrawn status Lost status Source of classification or shelving scheme Damaged status Not for loan Collection code Home library Current library Shelving location Date acquired Total Checkouts Full call number Barcode Date last seen Price effective from Koha item type
    Library of Congress Classification     Main Collection ARRUPE LIBRARY ARRUPE LIBRARY Main Collection 29/10/2015   PR4711.M3 1970 46500005320 25/04/2019 29/10/2015 Monograph ( Printed materials)

 

Arrupe Library. PO Box MP320 Mt Pleasant, Harare, Zimbabwe
263 242 745411|librarian@aju.ac.zw